|
|
|
|
| LEADER |
00000nab a2200000 a 4500 |
| 001 |
vtls000660161 |
| 003 |
SK-MaSNL |
| 005 |
20260305010847.0 |
| 008 |
250425c1998 xo 0 slo |
| 015 |
|
|
|a SNBRA1998/05-11958
|
| 035 |
|
|
|a CLN000012353
|
| 035 |
|
|
|a urn:nbn:sk:snk-abaio2
|
| 035 |
|
|
|a (urnnbn)urn:nbn:sk:snk:ar-008nzd
|
| 035 |
|
|
|a (uuid)959e0aca-af24-400a-9528-f6455c1ad3f2
|
| 040 |
|
|
|a SNKBUCL
|b slo
|c SNKBUCL
|e AACR2
|
| 041 |
0 |
|
|a slo
|
| 044 |
|
|
|a xo
|c SK
|
| 080 |
|
|
|a 885.4-3
|2 1997
|
| 100 |
1 |
|
|a Murín, Gustáv,
|d 1959-
|4 aut
|9 105033
|
| 245 |
1 |
0 |
|a Ako sa máš
|c Gustáv Murín ; kresby Jano Valter
|
| 300 |
|
|
|b Fotogr.
|
| 650 |
0 |
7 |
|a romány satirické slovenské
|x úryvky
|2 snkbucl
|9 1388254
|
| 650 |
0 |
7 |
|a romány spoločenské slovenské
|x úryvky
|2 snkbucl
|9 855752
|
| 655 |
|
7 |
|a články z novín a časopisov
|2 snkbucl
|9 267496
|
| 773 |
0 |
|
|t Literárny týždenník
|g Roč. 11, č. 15 (1998), s. 4
|x 0862-5999
|
| 850 |
|
|
|a Slovenská národná knižnica
|
| 852 |
|
|
|a Slovenská národná knižnica
|
| 954 |
|
|
|a odborná, vedecká literatúra pôvodná (slovenská)
|2 lita
|
| 958 |
|
|
|a article14
|
| 958 |
|
|
|a LX
|
| 958 |
|
|
|a SK
|
| 958 |
|
|
|a OND
|
| 958 |
|
|
|a EUIPO
|
| 992 |
|
|
|a RBX
|
| 999 |
|
|
|c 3249049
|d 3250979
|